000 00628nam a2200205Ia 4500
005 20250508162706.0
008 008 250505s9999 xx 000 0 eng d
020 _a91-85135-30-4
037 _aTextual
040 _aFEDL
_beng
_cFEDL
041 _aeng
_2eng
084 _a370.954, SRI
_qFEDL
100 _aSrivastava R C
_990542
245 0 _aIndian education in Transition : Issues and trends in school and college education
260 _aNew Delhi, India
_bNational Book Organisation
_c1988
300 _aix,344p.
650 _aEducation
942 _cTEXL
_h370.954, SRI
999 _c1378087
_d1378087